| 000 | 00626nam a22001697a 4500 | ||
|---|---|---|---|
| 003 | OSt | ||
| 005 | 20171010095508.0 | ||
| 008 | 120810t xxu||||| |||| 00| 0 eng d | ||
| 040 |
_aMMSU _cULS |
||
| 100 |
_aInes, Teresita P. _911999 |
||
| 245 |
_aCorrelates of leadership styles and managerial competencies of administrators of the physical education program pf the _cTeresita P. Ines |
||
| 260 | _c1992 | ||
| 300 |
_axxv, 218 leaves _c28 cm. |
||
| 500 | _aThesis (PhD.-Educational Management) -- Mariano Marcos State University-Graduate School, Laoag City | ||
| 504 | _aBibliography: leaves 168-175 | ||
| 942 |
_2ddc _cTHEDIS |
||
| 999 |
_c9696 _d9696 |
||